000 01944nmc a2200649 a 4500
003 AR-BaBNM
005 20251128203436.0
008 077019s1983 ||||||||||||||000 | spa||
020 _a968-16-1-272-6
040 _cAR-BaBNM
100 1 _aDíez-Canedo, Enrique
245 1 0 _aLetras de América
_bestudios sobre las literaturas continentales
260 _aMéxico, D.F.
_bFondo de Cultura Económica
_c1983
300 0 _a368 p.
490 0 _aSección de lengua y estudios literarios
500 0 _aContiene índice de nombres en p. 355
600 1 4 _aRuiz de Alarcón y Mendoza, Juan
_d1580?-1639
600 0 4 _aJuana Inés de la Cruz
600 1 4 _aDarío, Rubén
600 1 4 _aAlomar, Gabriel
600 1 4 _aGoldberg, Isaac
600 1 4 _aNervo, Amado
600 1 4 _aChocano, José Santos
600 1 4 _aBlanco-Fombona, Rufino
600 1 4 _aPalma, Ricardo
600 1 4 _aMera, Juan León
600 1 4 _aChacon, José María
600 1 4 _aHeredia, José María de
600 1 4 _aMarti, José
600 1 4 _aIcaza, Francisco A. De
600 1 4 _aTablada, José Juan
600 1 4 _aRebolledo, Efren
600 1 4 _aGonzález Martínez, Enrique
600 1 4 _aReyes, Alfonso
600 1 4 _aMaples Arce, Manuel
600 1 4 _aMistral, Gabriela
600 1 4 _aSánchez, Florencio
600 1 4 _aGüiraldes, Ricardo
_d1886-1927
600 1 4 _aStorni, Alfonsina
600 1 4 _aArrieta, Rafael Alberto
600 1 4 _aFernández Moreno, Baldomero
600 1 4 _aGirondo, Oliverio
600 1 4 _aAzuela, Mariano
600 1 4 _aGuzmán, Martín Luis
600 1 4 _aAbreu Gómez, Ermilo
600 1 4 _aHernández Cata, Alfonso
600 1 4 _aTorres-Rioseco, Arturo
650 4 _aCRITICA LITERARIA
650 4 _aLITERATURA LATINOAMERICANA
650 4 _aBIOGRAFIAS
650 4 _aARTE DE VANGUARDIA
653 0 _aAMERICANISMOS
653 0 _aMODERNISMO
655 _aLITERATURA
942 _cBK
998 _cMARTIN
999 _c3412
_d3412